Les classiques Disney - Statistiques

Statistiques générales
  • Ce quiz a été pris 6 250 fois
  • Le résultat moyen est 61 sur 122
Statistiques - réponses
Titres % Correct
1 Blanche Neige et les sept nains
97%
14 Cendrillon
93%
36 La belle et la bête
91%
109 La reine des neiges
86%
18 La belle au bois dormant
85%
33 La petite sirène
84%
38 Le roi lion
84%
48 Mulan
84%
101 Raiponce
83%
37 Aladdin
82%
16 Peter Pan
78%
2 Pinocchio
78%
41 Pocahontas, une légende indienne
78%
5 Bambi
77%
17 La belle et le clochard
77%
118 Vaiana, la légende du bout du monde
77%
4 Dumbo
76%
19 Les 101 dalmatiens
76%
42 Toy Story
75%
94 Wall-E
75%
98 La princesse et la grenouille
74%
3 Fantasia
73%
23 Les aristochats
73%
22 Le livre de la jungle
71%
86 Cars
69%
49 Le roi lion 2
68%
26 Les aventures de Bernard & Bianca
68%
104 Rebelle
68%
53 Toy story 2
66%
15 Alice au pays des merveilles
65%
45 Hercule
65%
52 Tarzan
65%
100 Toy Story 3
65%
56 La petite sirène 2
63%
63 Cendrillon 2
62%
43 Le bossu de Notre-Dame
62%
106 Les mondes de Ralph
62%
77 Mulan 2
62%
71 Le roi lion 3
61%
29 Rox & Rouky
61%
103 Cars 2
60%
20 Merlin l'enchanteur
60%
102 Winnie l'ourson
60%
65 Lilo & Stich
59%
39 Aladdin 2 - le retour de Jafar
57%
72 Le monde de Némo
57%
25 Robin des Bois
57%
120 Coco
56%
47 La belle et la bête 2
55%
50 Pocahontas 2
55%
119 Cars 3
54%
117 Le monde de Dory
53%
116 Zootopie
53%
60 Kuzco, l'empereur mégalo
52%
93 La fée Clochette
52%
66 Peter Pan 2
52%
90 Ratatouille
52%
73 Frère des ours
50%
97 Là-haut
50%
78 Les indestructibles
50%
84 Bambi 2
49%
114 Vice-versa
49%
122 Ralph 2.0
48%
80 Tarzan 2
48%
88 Cendrillon 3 - Le sortilège de Cendrillon
47%
69 Le livre de la jungle 2
47%
95 Volt, star malgré lui
47%
54 Fantasia 2000
45%
59 La belle et le clochard 2
45%
67 Les 101 dalmatiens 2
45%
21 Mary Poppins
45%
32 Oliver et compagnie
44%
61 Atlantide, l'empire perdu
43%
30 Taram et le chaudron magique
42%
121 Les Indestructibles 2
41%
89 Rox & Rouky 2
41%
51 1001 pattes
40%
44 Aladdin 3 - Aladdin et le roi des voleurs
40%
62 Le bossu de Notre-Dame 2
40%
68 La planète au trésor
39%
112 Les nouveaux héros
39%
108 Planes
38%
31 Basil, détective privé
37%
87 Frère des ours 2
36%
64 Monstres et compagnie
36%
83 Kuzco 2
35%
76 La ferme se rebelle
35%
92 La petite sirène 3 - le secret de la petite sirène
35%
7 Les trois caballeros
35%
57 Les aventures de Tigrou
34%
82 Chicken Little
33%
58 Dinosaure
33%
13 Le crapaud et le maître d'école
33%
11 Mélodie cocktail
33%
111 Planes 2
33%
70 Les aventures de Porcinet
32%
9 Mélodie du sud
32%
107 Monstres Academy
32%
91 Bienvenue chez les Robinson
31%
115 Le voyage d'Arlo
31%
40 Dingo & Max
30%
8 La boite à musique
30%
10 Coquin de printemps
29%
27 Peter et Elliott le dragon
29%
96 Clochette et la pierre de lune
28%
6 Saludos amigos
28%
34 La bande à Picsou, le film
27%
46 Winnie l'ourson 2
27%
110 Clochette et la fée pirate
25%
12 Danny, le petit monton noir
25%
74 Les aventures de Petit Gourou
25%
28 Les aventures de Winnie l'ourson
25%
113 Clochette et la créature légendaire
24%
55 Dingo & Max 2
24%
75 Mickey, Donald, Dingo : Les trois mousquetaires
23%
81 Lilo & Stitch 2
22%
105 Clochette et le secret des fées
20%
99 Clochette et l'expédition féérique
19%
85 The wild
17%
79 Winnie l'ourson et l'éfélant
17%
24 L'apprentie sorcière
16%
35 Bernard & Bianca au pays des kangourous
9%
Aucun quiz correspondant
Distribution des résultats
% des personnes avec chaque résultat
Percentile par nombre de réponses
Votre historique - résultats
Vous n’avez pas pris ce quiz